Plà de cooperació amb els ens locals de l'Àrea d'Educació : 1998 - 1999 / Diputació de Barcelona. Àrea d'Educació 1998 - 1999 / Diputació de Barcelona. Àrea d'Educació
Descripción Física:
24 p. : il. ; 21 cm
MARC
| LEADER | 00000nam a2200000Ia 4500 | ||
|---|---|---|---|
| 001 | 18458 | ||
| 008 | 160829s1999 xx 000 0 cat d | ||
| 080 | |a FU-51-3 | ||
| 110 | |a Barcelona (Catalunya : Província). |b Àrea d'Educació |9 8009 | ||
| 245 | |a Plà de cooperació amb els ens locals de l'Àrea d'Educació : |b 1998 - 1999 / Diputació de Barcelona. Àrea d'Educació | ||
| 260 | |a Barcelona : |b la Diputació. Àrea d'Educació, |c 1999 | ||
| 300 | |a 24 p. : |b il. ; |c 21 cm | ||
| 650 | 0 | |a Educació |z Barcelona (Província} |9 40056 | |
| 650 | |a Cooperació educativa |x Barcelona (Província) |9 40057 | ||
| 901 | |a Arxiu | ||
| 942 | |n 1 | ||
| 952 | |0 0 |1 0 |4 0 |6 FU513 |7 1 |9 49392 |a Arxiu |b Arxiu |d 2016-12-01 |l 0 |o FU-51-3 |p 18458 |r 2016-12-01 00:00:00 |w 2016-12-01 |y ARXIU | ||
| 952 | |0 0 |1 0 |4 0 |6 PDL |7 1 |9 63699 |a Arxiu |b Arxiu |d 2022-09-01 |l 0 |o PDL |p 26622 |r 2022-09-01 00:00:00 |w 2022-09-01 |y ARXIU | ||
| 999 | |c 53234 |d 53234 | ||